Οικονομικός

Αποθηκεύτηκε σε:
Λεπτομέρειες βιβλιογραφικής εγγραφής
Κύριος συγγραφέας: Ξενοφών, π. 430- π. 350
Άλλοι συγγραφείς: Δημητριάδου-Τουφεξή, Έφη (aui [Συγγραφέας προλόγου], trlf [Μεταφράστρια], cwtf [Σχολιάστρια γραπτού κειμένου])
Μορφή: Βιβλίο
Γλώσσα:Greek
Ancient Greek
Δημοσίευση: Θεσσαλονίκη : Ζήτρος, c2007.
Σειρά:Αρχαίοι συγγραφείς (Ζήτρος) 106
Θέματα:
Ετικέτες: Προσθήκη ετικέτας
Δεν υπάρχουν, Καταχωρήστε ετικέτα πρώτοι!

MARC

LEADER 00000cam a2200000 i 4500
001 1/82955
008 080417s2007 gr ||||| ||||||| ||gre||
020 |a 9789608437982 
035 |l 10096799 
040 |a GR-MyUa  |b gre  |e AACR2 
041 1 |a gre  |a grc  |h grc 
082 7 |a 884.3   |2 (22)  
100 0 |a Ξενοφών,   |d π. 430- π. 350. 
240 1 0 |a Οικονομικός. 
245 1 0 |a Οικονομικός /   |c Ξενοφών ; εισαγωγή, περίληψη, μετάφραση, σχόλια Έφη Δημητριάδου-Τουφεξή ; πρόλογος Δημήτρη Λυπουρλής.  
260 |a Θεσσαλονίκη :   |b Ζήτρος,   |c c2007.  
300 |a 430 σ. ;   |c 21 εκ. 
490 1 |a (Αρχαίοι Συγγραφείς / Ζήτρος ;  |v 106)  
504 |a Βιβλιογραφία: σ. 63-65.  
650 0 |a Administration of estates  |x Early works to 1800. 
650 0 |a Administration of estates  |z Greece  |x Historiography. 
700 1 |a Δημητριάδου-Τουφεξή, Έφη,  |e aui [Συγγραφέας προλόγου]  |e trlf [Μεταφράστρια]  |e cwtf [Σχολιάστρια γραπτού κειμένου] 
830 0 |a Αρχαίοι συγγραφείς (Ζήτρος)  |v 106  
852 |a INST  |b LESVOS  |e 20080417  |h 884.3 ΞΕΝ  |p 005100039626  |q 005100039626  |t BK  |y 0 
852 |a INST  |b SYROS  |e 20160217  |h 884.3 ΞΕΝ  |p 005500011809  |q 005500011809  |t BK  |y 0 
901 |a BIBL1-2008-1 
922 |a 1ΕΛΗ  |b 200711  |c ΕΠΕΑΕΚ2/ΤΚΑ  |d Σ. Πατάκης 
970 |a Καρά  |b Γιασεμή  |z 17/04/2008